| 000 | 00605nam a2200205 a 4500 | ||
|---|---|---|---|
| 005 | 20240215063717.0 | ||
| 008 | 010529s2000 es r 000 0 eng d | ||
| 020 | _a0534574742 | ||
| 035 | _aUPN01000107011 | ||
| 049 | _aCG | ||
| 050 | 4 |
_aH62 _bB3.6 2000 |
|
| 100 | 1 | _aBabbie, Earl | |
| 245 | 1 | 4 |
_aThe practice of social research / _cEarl Babbie. |
| 250 | _a9a ed. | ||
| 260 |
_aBelmont, E.U.A. : _bWadsworth : _bThomson Learning, _cc2000. |
||
| 300 |
_axxi, 498 p. + _eanexos |
||
| 650 | 4 |
_aCiencias sociales _xInvestigación _97497 |
|
| 650 | 4 |
_aCiencias sociales _xMetodología _96208 |
|
| 905 | _aLibro | ||
| 999 |
_c80923 _d80923 |
||